Biblioteca y Centro de Documentación

Hesperia culturas (Registro nro. 25999)

Detalles MARC
000 -CABECERA
Longitud fija campo de control 01666nas a2200457 c 4500
001 - NÚMERO DE CONTROL
Número de control 25999
003 - IDENTIFICADOR DE NÚMERO DE CONTROL
Identificador del número de control ES-MaCES
005 - FECHA Y HORA DE LA ÚLTIMA TRANSACCIÓN
Fecha y hora de la última transacción 20250327143436.0
008 - CAMPO FIJO DE DESCRIPCIÓN FIJA--INFORMACIÓN GENERAL
Códigos de información de longitud fija   060531d20052015sp qr p | |spa d
017 ## - NÚMERO DE REGISTRO DE DERECHOS DE AUTOR Y DEPÓSITO LEGAL
Número de copyright o de depósito legal M 51335-2004
Agencia que asigna el número DL
022 1# - ISSN (INTERNATIONAL STANDARD SERIAL NUMBER)
Número Internacional Normalizado para Publicaciones Seriadas 1698-8795
035 ## - NÚMERO DE CONTROL DEL SISTEMA
Número de control del sistema CES20060000044p
040 ## - FUENTE DE CATALOGACIÓN
Centro catalogador de origen ES-MaCES
Lengua de catalogación spa
Centro transcriptor ES-MaCES
245 00 - MENCIÓN DE TÍTULO
Título Hesperia culturas
Resto del título : del Mediterráneo
260 ## - PUBLICACIÓN, DISTRIBUCIÓN, ETC (PIE DE IMPRENTA)
Lugar de publicación, distribución, etc. [Sevilla]
Nombre del editor, distribuidor, etc. Fundación Tres Culturas del Mediterráneo
Lugar de publicación, distribución, etc. [s.l.]
Nombre del editor, distribuidor, etc. Fundación José Luis Pardo
Fecha de publicación, distribución, etc. 2005-2015
300 ## - DESCRIPCIÓN FÍSICA
Extensión v.
Dimensiones 24 cm
310 ## - PERIODICIDAD ACTUAL DE LA PUBLICACIÓN
Periodicidad actual Anual
Fecha de comienzo de la periodicidad actual 2012
321 ## - PERIODICIDAD ANTERIOR DE LA PUBLICACIÓN
Periodicidad anterior 3 n. al año
321 ## - PERIODICIDAD ANTERIOR DE LA PUBLICACIÓN
Periodicidad anterior Trimestral
362 0# - DATOS DE LA PUBLICACIÓN Y/O DESIGNACIÓN SECUENCIAL
Fecha de publicación y;o designación secuencial N. 1 (en. 2005)-n. 19 (2015)
500 ## - NOTA GENERAL
Nota general Cerrada la suscripción de la ed. impresa, continua ed. electrónica
541 ## - NOTA DE LA FUENTE INMEDIANTE DE ADQUISICIÓN
Forma de adquisición Compra
650 #4 - ASIENTO SECUNDARIO DE MATERIA--TÉRMINO DE MATERIA
Término de materia o nombre geográfico como elemento inicial desarrollo regional
9 (RLIN) 29186
650 #4 - ASIENTO SECUNDARIO DE MATERIA--TÉRMINO DE MATERIA
Término de materia o nombre geográfico como elemento inicial paz
9 (RLIN) 26698
650 #4 - ASIENTO SECUNDARIO DE MATERIA--TÉRMINO DE MATERIA
Término de materia o nombre geográfico como elemento inicial nuevo orden económico internacional
9 (RLIN) 29223
650 #4 - ASIENTO SECUNDARIO DE MATERIA--TÉRMINO DE MATERIA
Término de materia o nombre geográfico como elemento inicial diálogo Norte-Sur
9 (RLIN) 29495
650 #4 - ASIENTO SECUNDARIO DE MATERIA--TÉRMINO DE MATERIA
Término de materia o nombre geográfico como elemento inicial globalización económica
9 (RLIN) 30653
650 #4 - ASIENTO SECUNDARIO DE MATERIA--TÉRMINO DE MATERIA
Término de materia o nombre geográfico como elemento inicial relaciones culturales
9 (RLIN) 29384
650 #4 - ASIENTO SECUNDARIO DE MATERIA--TÉRMINO DE MATERIA
Término de materia o nombre geográfico como elemento inicial antropología social y cultural
9 (RLIN) 27254
650 #4 - ASIENTO SECUNDARIO DE MATERIA--TÉRMINO DE MATERIA
Término de materia o nombre geográfico como elemento inicial país mediterráneo
9 (RLIN) 29050
653 10 - TÉRMINO DE INDEXACIÓN--NO CONTROLADO
Término no controlado Cooperación al desarrollo
710 2# - ENCABEZAMIENTO SECUNDARIO--NOMBRE CORPORATIVO
Nombre de entidad o nombre de jurisdicción como elemento inicial Fundación José Luis Pardo. Culturas del Mediterráneo
Término indicativo de función ed.
9 (RLIN) 3848
710 2# - ENCABEZAMIENTO SECUNDARIO--NOMBRE CORPORATIVO
Nombre de entidad o nombre de jurisdicción como elemento inicial Fundación Tres Culturas del Mediterráneo
Término indicativo de función ed.
9 (RLIN) 3916
853 21 - LEYENDAS Y PATRÓN--UNIDAD BIBLIOGRÁFICA BÁSICA
Primer nivel de enumeración Año
Segundo nivel de enumeración vol.
Esquema alternativo de numeración, primer nivel de enumeración n.
Primer nivel de cronología año
Segundo nivel de cronología mes
Continuidad en la numeración c
Frecuencia t
Patrón de regularidad pm03,06,11
856 ## - ACCESO ELECTRÓNICO
Identificador Uniforme del Recurso (URI) https://ibersaf.es/revista-hesperia/
Texto del enlace tabla de contenidos desde n. 27
866 #0 - FUENTES TEXTUALES--UNIDAD BIBLIOGRÁFICA BÁSICA
Holdings textuales 2005-2015.
Nota pública Ubicación: DEPÓSITO - 55/1047
905 ## - CES. DATOS REVISTA
Boletín de sumarios (Sirtex 591$a) Boletín A
Formato P
Kardex
Abreviatura boletín Hespe
Proceso A +
942 ## - ELEMENTOS KOHA
Fuente de clasificaión o esquema Clasificación propia del CES
Koha [por defecto] tipo de item Periódicas
Parte de clasificación Cooperación al desarrollo
Existencias
Serie de enumeración ; cronología Número de registro Préstamos totales Tipo de item de Koha
n. 1 (en. 2005) 064753   Periódicas
n. 3 (en. 2006) 064754   Periódicas
Año II, Vol. III, nº5 (2006) 067034   Periódicas
Año II, Vol. II, n. 4 (2006) 067299   Periódicas
Año III, Vol. I, n. 6 (2007) 067705   Periódicas
Año III, Vol. II, n. 7 (2007) 068560   Periódicas
Año III, Vol. III, n. 8 (2007) 069846   Periódicas
Año IV, Vol. I, n. 9 (2008) 070258   Periódicas
Año IV, Vol. II, n. 10 (2008) 071336   Periódicas
Año 5, vol. 1, n. 12 (2009) 073678   Periódicas
Año IV, Vol. III, n. 11 (2008) 073866   Periódicas
Año 5, vol. 5 [sic], n. 13 (2009) 074553   Periódicas
Año 5, vol. 6 [sic], n. 14 (2009) 075867   Periódicas
Año 6, vol. 1, n. 15 (2010) 078045   Periódicas
Año 7, vol. 1, n. 16 (2012) 082336   Periódicas
año 8, n. 17 (dic. 2013-v. 1) 084396   Periódicas
año 9, n. 18 (junio 2014-v. 1) 087956   Periódicas
año 10, n. 19 (jun. 2015) 087957   Periódicas
n. 2 (ag. 2005) 087958   Periódicas
© CES, Consejo Económico y Social de España 2021